| 000 | 00539 a2200193 4500 | ||
|---|---|---|---|
| 001 | 61820 | ||
| 005 | 20260407155909.0 | ||
| 008 | 260407a1981 arg spa d | ||
| 003 | AR-UNSa-BCEJYS | ||
| 040 |
_aAR-UNSa-BCEJYS _bspa _cAR-UNSa-BCEJYS |
||
| 080 |
_a347.72 _xSociedades comerciales |
||
| 245 | 1 | 0 | _aSociedades irregulares y de hecho |
| 264 | 1 |
_aBuenos Aires : _bAstrea _c1981 |
|
| 300 |
_axvi, 296 p. _c23 cm. |
||
| 041 | _aspa | ||
| 942 | _cBK | ||
| 590 | _aniveau_biblio:m niveau_hierar:0 | ||
| 100 | 1 | _aEtcheverry, Raúl Aníbal | |
| 999 |
_c7424 _d7424 |
||